=LDR 00000nam 2200000 4500 =001 INLIS000000000032608 =005 20130612134616 =008 ***********************************ind** =035 ##$$0010-061300000032608 =041 ##$$a ind =082 ##$$a 959.8 =090 ##$$a 959.8, Zar p =100 ##$$a ZARA, M.Yuanda =245 ##$$a Peristiwa 3 Juli 1946, Menguak cudeta pertama dalam sejarah Indonesia, M.Yuanda Zara =260 ##$$a 2009 $b Yogyakarta =300 ##$$a xxi, 276 hlm, illus, 24 cm =650 ##$$a Sejrah indonesia =850 ##$$a NBPNMAT =990 ##$$a 21400613/BPAP-NTB/20142014 =990 ##$$a 21400613/BPAP-NTB/20142014 =990 ##$$a 0001/BPAP-NTB/20142014 =990 ##$$a 0001/BPAP-NTB/2015 =990 ##$$a 0001/BPAP-NTB/2016